| 000 | 00829nam a2200265 4500 | ||
|---|---|---|---|
| 001 | 3626414 | ||
| 003 | OSt | ||
| 005 | 20150408114142.0 | ||
| 008 | 740204s2012 enk b 000 0 eng | ||
| 010 | _a 74153560 | ||
| 020 | _a9780194371285 | ||
| 040 |
_aDLC _cDLC _dDLC |
||
| 050 | 0 | 0 |
_aLB1576.A1 _bE64 vol. 6, no. 3 _aPB36 |
| 082 | 0 | 0 |
_a428.007 _221 |
| 245 | 0 | 0 | _aAspects of language Teaching /. |
| 260 |
_a[Huddersfield, Eng.] _bNational Association for the Teaching of English, _c2012. |
||
| 300 |
_a112 p. _c23 cm. |
||
| 440 | 0 |
_aEnglish in education, _vv. 6. no. 3 _937590 |
|
| 500 | _aCover title. | ||
| 504 | _aIncludes bibliographical references. | ||
| 650 | 0 |
_aLanguages, Modern _xStudy and teaching. _910865 |
|
| 650 | 0 | _aLinguistics. | |
| 906 |
_a7 _bcbc _corignew _d4 _encip _f19 _gy-gencatlg |
||
| 942 |
_2ddc _cDVD |
||
| 999 |
_c31165 _d265665 |
||